Highest Rated Album of Each Year on Best Ever Albums - Statistics

General Stats
  • This quiz has been taken 26 times
  • The average score is 38 of 76
Answer Stats
Hint Artist Album % Correct
1982 Michael Jackson Thriller
96%
1984 Prince and the Revolution Purple Rain
96%
1991 Nirvana Nevermind
92%
1975 Pink Floyd Wish You Were Here
92%
1973 Pink Floyd The Dark Side of the Moon
92%
1969 The Beatles Abbey Road
92%
1968 The Beatles The Beatles (The White Album)
92%
1967 The Beatles Sgt. Pepper's Lonely Hearts Club Band
92%
1966 The Beatles Revolver
92%
1964 The Beatles A Hard Day's Night
92%
1977 Fleetwood Mac Rumours
88%
1971 Led Zeppelin Untitled (Led Zeppelin IV)
88%
2016 Radiohead A Moon Shaped Pool
88%
2007 Radiohead In Rainbows
88%
2000 Radiohead Kid A
88%
1997 Radiohead OK Computer
88%
1995 Radiohead The Bends
88%
1972 David Bowie The Rise and Fall of Ziggy Stardust And the Spiders From Mars
83%
1956 Elvis Presley Elvis Presley
83%
2010 Kanye West My Beautiful Dark Twisted Fantasy
75%
1970 Black Sabbath Paranoid
71%
2017 Kendrick Lamar Damn.
71%
2015 Kendrick Lamar To Pimp a Butterfly
71%
2012 Kendrick Lamar Good Kid, M.A.A.D City
71%
1976 Stevie Wonder Songs in the Key of Life
71%
1979 The Clash London Calling
71%
1987 U2 The Joshua Tree
67%
1965 Bob Dylan Highway 61 Revisited
63%
1985 Kate Bush Hounds of Love
58%
2019 Lana Del Rey Norman F*cking Rockwell!
50%
1957 Little Richard Here's Little Richard
50%
1986 The Smiths The Queen is Dead
50%
1954 Chet Baker Chet Baker Sings
46%
1960 Miles Davis Sketches of Spain
46%
1959 Miles Davis Kind Of Blue
46%
1980 Talking Heads Remain in Light
46%
1998 Neutral Milk Hotel In the Aeroplane Over the Sea
42%
1992 R.E.M. Automatic for the People
42%
1983 R.E.M. Murmur
42%
1981 Rush Moving Pictures
42%
1990 Depeche Mode Violator
38%
2011 Fleet Foxes Helplessness Blues
38%
2008 Fleet Foxes Fleet Foxes
38%
1994 Jeff Buckley Grace
38%
2024 Magdalena Bay Imaginal Disk
38%
1953 Peggy Lee Black Coffee with Peggy Lee
38%
2023 Sufjan Stevens Javelin
38%
2005 Sufjan Stevens Illinois
38%
1993 The Smashing Pumpkins Siamese Dream
38%
2020 The Strokes The New Abnormal
38%
2001 The Strokes Is this It
38%
2022 Black Country, New Road Ants From Up There
33%
2018 Car Seat Headrest Twin Fantasy (2018)
33%
1974 King Crimson Red
33%
1989 Pixies Doolittle
33%
2006 Arctic Monkeys Whatever People Say I Am, That's What I'm Not
29%
1978 Bruce Springsteen Darkness on the Edge of Town
29%
2025 Geese Getting Killed
29%
1961 John Coltrane My Favorite Things
29%
1958 John Coltrane Blue Train
29%
2021 Little Simz Sometimes I Might Be Introvert
29%
2003 The White Stripes Elephant
29%
1963 Charles Mingus The Black Saint and the Sinner Lady
25%
1955 Frank Sinatra In the Wee Small Hours
25%
1988 Sonic Youth Daydream Nation
25%
2004 Arcade Fire Funeral
21%
1999 Sigur Rós Ágætis Byrjun
21%
2002 Wilco Yankee Hotel Foxtrot
21%
2013 Vampire Weekend Modern Vampires of the City
13%
1996 Belle And Sebastian If You're Feeling Sinister
8%
2009 Animal Collective Merriweather Post Pavilion
4%
1962 Ray Charles Modern Sounds in Country and Western Music
4%
2014 The War on Drugs Lost in the Dream
4%
1952 Charlie Parker & Dizzy Gillespie Bird & Diz
0%
1951 Thelonious Monk Genius of Modern Music
0%
1950 Yma Sumac Voice of the Xtabay
0%
No matching quizzes found
Score Distribution
Percent of People with Each Score
Percentile by Number Answered
Your Score History
You have not taken this quiz